| 000 | 02074nam a2200469 a 4500 | ||
|---|---|---|---|
| 005 | 20240412114546.0 | ||
| 008 | 100809t2012 sp a f |||| 00| 0 spa d | ||
| 020 | _a9780736087728 | ||
| 041 | _aspa | ||
| 092 |
_c612 _l46 _sKEN |
||
| 100 | 1 |
_aKenny, W. Larry _93021 |
|
| 245 |
_aFisiología del deporte y el ejercicio / _cW. Larry Kenney |
||
| 250 | _a5a ed. en español de la obra original en inglés | ||
| 260 |
_aMadrid: _bEditorial Médica Panamericana; _c2012. |
||
| 300 |
_a621 p. _bil. |
||
| 500 | _aKenney, l. W., Wilmore, J. H. y Costill, D. L. (Col.). (2012). Fisiología del deporte y el ejercicio. (5a ed.). Madrid : Editorial Médica Panamericana. | ||
| 653 | _aEstructura y funcion del músculo duante el ejercicio | ||
| 653 | _aCombustible para el ejercicio: bioenergética y metabolismo muscular | ||
| 653 | _aControl neural de los músculos durante el ejercicio | ||
| 653 | _aControl hormonal durante el ejercicio | ||
| 653 | _aGasto energético y fatiga | ||
| 653 | _aAparato cardiovascular y su control | ||
| 653 | _aAparato respiratorio y su regulación | ||
| 653 | _aRespuestas cardiorespiratorias al ejercicio agudo | ||
| 653 | _aPrincipios del entrenamiento | ||
| 653 | _aAdaptaciones al entrenamiento con sobrecarga | ||
| 653 | _aAdaptaciones al entrenamiento aeróbico y anaeróbico | ||
| 653 | _aEjercicio en ambientes calurosos y fríos | ||
| 653 | _aEjercicio en la altura | ||
| 653 | _aEntrenamiento para el deporte | ||
| 653 | _aComposición corporal y nutrición para el deporte | ||
| 653 | _aAyudas ergogénicas y deporte | ||
| 653 | _aNiños y adolescentes en el deporte y el ejericicio | ||
| 653 | _aDeporte y ejercicio en adultos mayores | ||
| 653 | _aDiferencias sexuales en el deporte y el ejercicio | ||
| 653 | _aPrescripción del ejercicio para la salud y la aptitud física | ||
| 653 | _aEnfermedades cardiovasculares y actividad física | ||
| 653 | _aObesidad, diabetes y actividad física | ||
| 700 | 1 |
_aWilmore, Jack H. _93022 |
|
| 700 | 1 |
_aCostill, David L. _93023 |
|
| 942 |
_2ddc _cBK |
||
| 999 |
_c2229 _d2229 |
||